MARC

LEADER 00000nam0a2200000 4500
001 154462
005 20231101221752.0
010 |a 9780750685443 
035 |a (RuTPU)RU\TPU\book\167543 
090 |a 154462 
100 |a 20090226d2008 k y0engy50 ba 
101 0 |a eng 
102 |a US 
105 |a a z 001zy 
200 1 |a Conferences and Conventions. A Global Industry  |f T. Rogers 
205 |a Second Edition 
210 |a Amsterdam  |c Elsevier  |d 2008 
215 |a 400 p.  |c il. 
225 1 |a Events Management Series 
320 |a References at the end of chapters. 
320 |a Index: p. 397-400. 
606 1 |a Мировая экономика  |2 stltpush  |3 (RuTPU)RU\TPU\subj\44096  |9 63470 
610 1 |a экономика 
610 1 |a промышленность 
610 1 |a развитие 
610 1 |a перспективы 
610 1 |a глобализм 
610 1 |a английский язык 
686 |a У530  |v LBC/SL-A  |2 rubbk 
700 1 |a Rogers  |b T.  |g Tony 
801 1 |a RU  |b 63413507  |c 20090226  |g PSBO 
801 2 |a RU  |b 63413507  |c 20090310  |g PSBO 
942 |c BK